شئون اسرائيلية / (رقم التسجيلة. 179258)
[ عرض عادي ]
| 000 -LEADER | |
|---|---|
| fixed length control field | 01137nasaa22002771a 4500 |
| 003 - EG-GICUS | |
| control field | EG-GICUS |
| 005 - DATE AND TIME OF LATEST TRANSACTION | |
| control field | 20260407123709.0 |
| 008 - FIXED-LENGTH DATA ELEMENTS--GENERAL INFORMATION | |
| fixed length control field | 260407c20249999ua mr p 0 0ara d |
| 040 ## - CATALOGING SOURCE | |
| Original cataloging agency | EG-GICUS |
| Language of cataloging | ara |
| Transcribing agency | EG-GiCUC |
| Modifying agency | rda |
| 041 ## - LANGUAGE CODE | |
| Language code of text/sound track or separate title | ara |
| 043 ## - GEOGRAPHIC AREA CODE | |
| Geographic area code | a-is--- |
| 049 ## - LOCAL HOLDINGS (OCLC) | |
| Acquisition Source | إهداء |
| 092 ## - LOCALLY ASSIGNED DEWEY CALL NUMBER (OCLC) | |
| Classification number | 956.04 |
| Item number | S5628 |
| Edition number | 21 |
| 099 ## - LOCAL FREE-TEXT CALL NUMBER (OCLC) | |
| Classification number | 956.04 S5628 |
| 245 02 - TITLE STATEMENT | |
| Title | شئون اسرائيلية / |
| Remainder of title | المركز القومي لدراسات الشرق الاوسط. |
| 264 1# - PRODUCTION, PUBLICATION, DISTRIBUTION, MANUFACTURE, AND COPYRIGHT NOTICE | |
| Place of production, publication, distribution, manufacture | القاهرة : |
| Name of producer, publisher, distributor, manufacturer | المركز القومي لدراسات الشرق الاوسط، |
| Date of production, publication, distribution, manufacture, or copyright notice | 2024- |
| 300 ## - PHYSICAL DESCRIPTION | |
| Extent | :مجلد: |
| Other physical details | ايضاحيات؛ |
| Dimensions | 30سم |
| 321 ## - FORMER PUBLICATION FREQUENCY | |
| Authority record control number or standard number | شهرية |
| 362 0# - DATES OF PUBLICATION AND/OR SEQUENTIAL DESIGNATION | |
| Dates of publication and/or sequential designation | العدد 1 (يناير 2024)- |
| 541 ## - IMMEDIATE SOURCE OF ACQUISITION NOTE | |
| Source of acquisition | إهداء |
| Date of acquisition | 2025-04-07 |
| Location | القاهرة |
| Gift | المركز القومي لدراسات الشرق الاوسط |
| 650 7# - SUBJECT ADDED ENTRY--TOPICAL TERM | |
| Topical term or geographic name entry element | الصراع العربى الاسرائيلى |
| Form subdivision | دوريات |
| Source of heading or term | qrmak |
| 650 7# - SUBJECT ADDED ENTRY--TOPICAL TERM | |
| Topical term or geographic name entry element | النزاع العربى الاسرائيلى |
| Form subdivision | دوريات |
| Source of heading or term | qrmak |
| 710 2# - ADDED ENTRY--CORPORATE NAME | |
| Corporate name or jurisdiction name as entry element | مركز القومي لدراسات الشرق الاوسط (مصر،القاهرة) |
| 905 ## - LOCAL DATA ELEMENT E, LDE (RLIN) | |
| Cataloger | Abeer |
| Reviser | Abeer |
| 942 ## - ADDED ENTRY ELEMENTS (KOHA) | |
| Suppress in OPAC | No |
| Koha item type | Continuing Resources |
| 999 ## - | |
| -- | 179258 |
| -- | 179258 |
لا توجد مواد متاحة.